| Tag |
First Indicator |
Second Indicator |
Subfields |
| LEADER |
00000cam a2200000 4500 |
| 001 |
in00000304529 |
| 005 |
20151010092812.0 |
| 008 |
750410s1949 njuab b 00000 eng |
| 010 |
|
|
|a 49010460
|
| 035 |
|
|
|a (OCoLC)01266446
|
| 035 |
|
|
|9 ABG7337AM
|
| 040 |
|
|
|c CIN
|d TXA
|d UtOrBLW
|
| 049 |
|
|
|a TXAM
|c 1 [236709]
|c 2 [239489]
|
| 050 |
0 |
0 |
|a D805.J3
|b V38
|
| 082 |
0 |
|
|a 940.547252
|
| 100 |
1 |
|
|a Vaughan, Elizabeth Head.
|
| 245 |
1 |
0 |
|a Community under stress ;
|b an internment camp culture.
|
| 264 |
|
1 |
|a Princeton :
|b Princeton Univ. Press,
|c 1949.
|
| 300 |
|
|
|a xiv, 160 pages :
|b maps ;
|c 21 cm.
|
| 336 |
|
|
|a text
|b txt
|2 rdacontent
|
| 337 |
|
|
|a unmediated
|b n
|2 rdamedia
|
| 338 |
|
|
|a volume
|b nc
|2 rdacarrier
|
| 504 |
|
|
|a Includes bibliographies.
|
| 650 |
|
0 |
|a Concentration camps.
|
| 650 |
|
0 |
|a Prison psychology.
|
| 610 |
1 |
0 |
|a Bacolod (Concentration camp)
|
| 999 |
|
|
|a MARS
|
| 999 |
f |
f |
|s 9c034539-2358-3fe5-ace3-1e19650b717c
|i 40e1d144-beec-3542-a0f8-c51167351b81
|t 0
|
| 952 |
f |
f |
|p ric
|a Texas A&M University
|b Rellis Campus
|c Joint Library Facility
|s JLF
|d Remote Storage
|t 0
|e D805.J3 V38
|h Library of Congress classification
|i unmediated -- volume
|m A14801898013
|
| 998 |
f |
f |
|a D805.J3 V38
|t 0
|l Remote Storage
|